La notte scorsa al Telegraph Club /

שמור ב:
מידע ביבליוגרפי
מחבר ראשי: Lo, Malinda (Author)
מחברים אחרים: Palomba, Giusi (Translator)
פורמט: ספר
שפה:איטלקית
יצא לאור: Milano : Mondadori, 2022
סדרה:Oscar fabula
Oscar fantastica
תגים: הוספת תג
אין תגיות, היה/י הראשונ/ה לתייג את הרשומה!

MARC

LEADER 00000nam a22000007i 4500
001 IT\ICCU\RAV\2152234
003 ItRI
005 20260115232034.0
008 220706s2022 it |||||| ||||| |||||c
020 |a 9788804752264 
040 |b ita  |c importazione bologna sebina 
041 7 |a ita  |2 ISO-639-2 
082 |a 813.6  |9 NARRATIVA AMERICANA IN LINGUA INGLESE, 2000-  |2 21 
100 1 |a Lo, Malinda  |0 IT\ICCU\LO1V\367335  |4 aut 
240 1 0 |a Last night at the Telegraph Club  |3 IT\ICCU\RAV\2152235  |9 Lo, Malinda 
245 1 3 |a La notte scorsa al Telegraph Club /  |c Malinda Lo ; traduzione di Giusi Palomba. 
260 |a Milano :  |b Mondadori,  |c 2022 
300 |a 451 p. :  |b ill. ;  |c 23 cm 
700 1 |a Palomba, Giusi  |0 IT\ICCU\RAVV\701805  |4 trl 
830 0 |a Oscar fabula  |0 IT\ICCU\TO1\0034423 
830 0 |a Oscar fantastica  |0 IT\ICCU\TO0\1961549 
942 |2 ddc  |c BK  |n 0 
952 |0 0  |1 0  |4 0  |6 R_813_600000000000000_LO  |7 0  |9 19145  |a BO  |b BO  |d 2026-01-15  |i 19746  |l 0  |o R 813.6 LO  |p BO19746  |r 2026-01-15 23:20:34  |w 2026-01-15  |x [Sebina 5] [1 v.]  |y BK  |z 1 v. 
999 |c 16286  |d 16286